Environmental Psychology / (Record no. 196569)

MARC details
000 -LEADER
fixed length control field 00589nam a2200205 4500
005 - DATE AND TIME OF LATEST TRANSACTION
control field 20230818142754.0
010 ## - LCCN (DPL NO)
LC control number ENG-137423
020 ## - INTERNATIONAL STANDARD BOOK NUMBER
International Standard Book Number 9789392080708
Terms of availability 175.00
035 ## - SYSTEM CONTROL NUMBER
System control number EN-120955
037 ## - SOURCE OF ACQUISITION
Source of stock number/acquisition DBAD/PUB
082 ## - DEWEY DECIMAL CLASSIFICATION NUMBER
Classification number 155.9
100 ## - MAIN ENTRY--PERSONAL NAME
Fuller form of name Kaur,Harpreet
245 ## - TITLE STATEMENT
Title Environmental Psychology /
Statement of responsibility, etc by Harpreet Kaur
260 ## - PUBLICATION, DISTRIBUTION, ETC. (IMPRINT)
Place of publication, distribution, etc New Delhi
Name of publisher, distributor, etc kitab Mahal Publishers
Date of publication, distribution, etc 2023
270 ## - ADDRESS
Address 4655/21, Ansari Road(G.F) Daryaganj
City New Delhi
Postal code 110002
300 ## - PHYSICAL DESCRIPTION
Extent 134p.
Dimensions 21cm(pbk)
700 ## - ADDED ENTRY--PERSONAL NAME
Personal name Jaggi,Pooja
700 ## - ADDED ENTRY--PERSONAL NAME
Personal name Singh,Kavita
942 ## - ADDED ENTRY ELEMENTS (KOHA)
Source of classification or shelving scheme Dewey Decimal Classification
Item type English Books
Classification part 155.9
Call number suffix KAU
Holdings
Withdrawn status Lost status Not for loan Collection code Home library Current library Date acquired Source of acquisition Cost, normal purchase price Full call number Barcode Copy number Cost, replacement price Koha item type
      Non-fiction R.K.Puram-8 R.K.Puram-8 17/07/2023 DBAD/PUB 175.00 155.9 KAU EN-120955 1 175.00 English Books

© Delhi Public Library
Hit Counter
free hit counter